| 000 | 00547cam a2200157 4500500 | ||
|---|---|---|---|
| 005 | 20251228090924.0 | ||
| 041 | _afre | ||
| 042 | _adc | ||
| 100 | 1 | 0 |
_aMartin, Hervé _eauthor |
| 700 | 1 | 0 |
_ale Priol, Pierre-Yves _eauthor |
| 245 | 0 | 0 | _aUne plaque Péguy au 17, rue Cujas à Paris |
| 260 | _c2020. | ||
| 500 | _a9 | ||
| 786 | 0 | _nBulletin de l’Amitié Charles Péguy | 169 | 1 | 2020-04-28 | p. 100-103 | 0180-8567 | |
| 856 | 4 | 1 | _uhttps://shs.cairn.info/revue-bulletin-de-lamitie-charles-peguy-2020-1-page-100?lang=fr&redirect-ssocas=7080 |
| 999 |
_c1602881 _d1602881 |
||